Online Catalogue and eLibrary

Poverty monitaring in Asia (Record no. 4413)

MARC details
000 -LEADER
fixed length control field 00446nam a2200181Ia 4500
005 - DATE AND TIME OF LATEST TRANSACTION
control field 20240606000200.0
008 - FIXED-LENGTH DATA ELEMENTS--GENERAL INFORMATION
fixed length control field 240331s9999 xx 000 0 und d
020 ## - INTERNATIONAL STANDARD BOOK NUMBER
ISBN 9551040974
082 ## - DDC Classification
Item Number - Author Mark POV
Class No. 362
245 #0 - TITLE STATEMENT
Title Poverty monitaring in Asia
260 ## - PUBLICATION, DISTRIBUTION, ETC.
Place of publication, distribution, etc. Colombo
Name of publisher, distributor, etc. Centre for Poverty Analysis
Date of publication, distribution, etc. 2004
300 ## - PHYSICAL DESCRIPTION
Extent (e.g. Volumes, Pages etc.) ix,488 p.,
650 ## - SUBJECT ADDED ENTRY--TOPICAL TERM
Topical term or geographic name entry element Poverty
650 ## - SUBJECT ADDED ENTRY--TOPICAL TERM
Topical term or geographic name entry element Poverty Reduction
700 ## - ADDED ENTRY--PERSONAL NAME
Personal name Gsanger,H.
700 ## - ADDED ENTRY--PERSONAL NAME
Personal name Fernando,M
942 ## - Koha item type (Biblio)
Koha item type Books in Stacks (Lending)
Holdings
Lost status Damaged status Collection code Home library Current library Shelving location Date acquired Full call number Accession Number Item type
    Lending WERC Library WERC Library Social Science Cupboard 03/31/2024 362.5 POV 6527 Books in Stacks (Lending)

© WERC Library